01258nam a2200289Ia 4500001000700000008004100007020002200048082001200070100002700082245022100109260010100330300001100431500006800442503002700510504003300537650002000570650002700590650002600617650003500643650002600678700015800704901001200862902000600874905006300880942000600943999001900949Z_2387220601s9999 xx 000 0 und d a978-607-12-0418-9 a630 C63 aCochet, Hubert9128323 aAgricultura comparada / Hubert Cochet ; traducción Jenny María del Pilar Enríquez Domínguez, Artemio Cruz León y Conrado Márquez Rosano; portada Jaime Peralta Benitez ; fotografia de portada Hubert Cochet aChapingo, Edo. México : UACh. Dirección de Centros Regionales Universitarios; Ediciones Quae a208 p. aTraducción de la obra en francés: L´agriculture comparée aeje.1: donación 2016 aBibliografía: p. 193 - 208 a1. Agricultura  aAgricultura comparada  aGestión agrícola  aEconomía agrícola 9147023 aEstructura agrícola aEnríquez Domínguez, Jenny María del Pilar, tr. \ Márquez Rosano, Conrado, tr. \ Peralta Benitez, Jaime, portada \ Cochet, Hubert, fot.Ì9179409 a630 C63 aM a5232272016 mx ad 8222223322spa16 c1 c216865d216865